000 02241cam a22004814i 4500
003 PE-LiUPU
005 20250731172951.0
008 150623s r 000 0 d
020 _a0801090415
035 _a(Sirsi) i9780801090417
040 _aPE-LiUPU
_bspa
_cPE-LiUPU
_erda
049 _aPRUA
082 0 4 _a253.5
_bL54
_221
245 0 0 _aLeadership handbook of preaching and worship /
_cedotpr general, James D. Berkley.
264 1 _aMichigan :
_bBaker Books,
_c1997.
300 _a499 páginas ;
_c23 centímetros
336 _atext
_2rdacontent
337 _aunmediated
_2rdamedia
338 _avolume
_2rdacarrier
490 0 _aLeadership Handbooks of Practical Theology ;
_v1
504 _aBibliografía en cada capítulo.
505 0 _aPreaching: The purpose of preaching: its biblical and historical background. -Understanding and applying the text. -Denominational preaching traditions and distinctives. -Planning preaching. -The basic form of the sermon. -Preparing a sermon. -Sermon Illustrations. -Working from applications to action. -Sermon delivery. -Worship: the purpose and meaning of worship. -Prayer. -Planning worship. -Leading the worship of God. -Special church services. -Special services in the community. -Balancing tradition and innovation. -Music: the purpose of Christian music. -Planning a music program. -Overseeing a music program.-Keys to congregational singing. -Directing choral music. -The Lord's supper. -Baptism. -Weddings. -Funerals.
526 _aSEG42
526 _aSEG41
526 _aSEG40
526 _aSEG39
526 _aP94
526 _aP87
526 _aP86
526 _aP85
526 _aP77
526 _aP76
526 _aP35
650 0 4 _aEvangelismo
_vManuales.
650 0 4 _aOratoria sagrada.
700 1 _aBerkley, James D.,
_eed.
942 _2ddc
_cBOOK
949 _a253.5 L54
_wDEWEY
_c1
_i44984
_lCCODEBUL1
_mBUL
_r0
_sY
_tBOOK
_u2015-6-24
_xTEOLOGIA
_PP35
_0COMPRA
_o.STAFF. Colección General
994 _aC0
_bPEPRU
596 _a1
999 _a253.5 L54
_wDEWEY
_c21860
_i44984
_f2021-11-10
_g5
_lCCODEBUL1
_mBUL
_r0
_sY
_tBOOK
_u2015-6-24
_xTEOLOGIA
_PP35
_0COMPRA
_o.STAFF. Colección General
_d21860
980 _81
_gALBERTO SANCHEZ Responsable de Automatización